Perspectives: dinàmiques locals i comunitat : jornades de debat : Cerdanyola, 13, 14 i 15 d'octubre 1988 / [coordinador de l'edició: Ruben D. Gualtero] dinàmiques locals i comunitat :
ISBN:
89-7794-072-x
Publicado:
Barcelona :
Patronat Flor de Maig. Centre d'Investigació, Formació i Assessorament ,
1989
Descripción Física:
149 p. ; 24 cm
Otros Autores:
Gualtero, Rubén D.
MARC
| LEADER | 00000nam a2200000Ia 4500 | ||
|---|---|---|---|
| 001 | 8995 | ||
| 008 | 160829s1989 xx 000 0 cat d | ||
| 020 | |a 89-7794-072-x | ||
| 080 | |a S-1-58 | ||
| 245 | |a Perspectives: |b dinàmiques locals i comunitat : |b jornades de debat : |b Cerdanyola, 13, 14 i 15 d'octubre 1988 / [coordinador de l'edició: |b Ruben D. Gualtero] | ||
| 260 | |a Barcelona : |b Patronat Flor de Maig. Centre d'Investigació, Formació i Assessorament, |c 1989 | ||
| 300 | |a 149 p. ; |c 24 cm | ||
| 590 | |a Ponències de les 2es Jornades de Debat sobre Treball Comunitari. | ||
| 590 | |a A la coberta: Treball comunitari | ||
| 650 | |a Política social |x Congressos |9 39687 | ||
| 650 | |a Treball social de comunitat |x Congressos |9 39688 | ||
| 700 | |a Gualtero, Rubén D. |e coordinador |9 34444 | ||
| 710 | 2 | |a Centre d'Investigació, Formació i Assessorament |9 53068 | |
| 901 | |a Arxiu | ||
| 942 | |n 1 |2 udc | ||
| 952 | |0 0 |1 0 |4 0 |6 S158 |7 1 |9 49164 |a Arxiu |b Arxiu |d 2016-12-01 |l 0 |o S-1-58 |p 8995 |r 2016-12-01 00:00:00 |w 2016-12-01 |y ARXIU | ||
| 999 | |c 53003 |d 53003 | ||